00631nam a22001697a 450000500170000001000130001702000260003003500110005603700160006708200110008310000350009424501060012924600770023526000490031227000770036130000230043820191125161225.0 aUR-10616 c300.00a9789389002829 aU-9171 bDBAD/PUBa- a844.08 aمر تبہ:سيما صغير  aا د بی ا فق کا ر و شن ستا ر ہ :ثر و ت خا ن cمر تبہ:سيما صغير  bAdabi Ufaq Ka Roshan Sitara Sarwat Khan (Urdu)aEdited by Seema Saghir  aDelhibEducational Publishing Housec2019 ء a3191,Vakil Street, Kucha Pandit,Lal Kuan,bDelhie110006k01123216162l- a252 ص c22 Cm(Hb)